[Event "Taastrup Spil Naar Du Vil I 2006"]
[Site "Taastrup"]
[Date "2006.07.20"]
[Round "3"]
[White "Pedersen, Ole"]
[Black "Olsen, Joe Flyckt"]
[Result "0-1"]
[WhiteElo "1406"]
[BlackElo "1698"]
[PlyCount "52"]
[EventDate "2006.??.??"]

1. c4 Nf6 2. Nc3 c5 3. g3 Nc6 4. Bg2 g6 5. e3 Bg7 6. Nge2 O-O 7. O-O e6 8. d4
cxd4 9. exd4 d5 10. cxd5 exd5 11. a3 a6 12. b4 Bf5 13. Qb3 Bd3 14. Re1 Bc4 15.
Qc2 Rc8 16. Qb2 Re8 17. h3 Nxd4 18. Be3 Nxe2+ 19. Nxe2 Ne4 20. Nd4 Qf6 21. Rad1
Bb5 22. Bxe4 Rxe4 23. Qa1 Rce8 24. Nxb5 Qxa1 25. Rxa1 axb5 26. Ra2 d4 0-1

[Event "Taastrup Spil Naar Du Vil I 2006"]
[Site "Taastrup"]
[Date "2006.07.20"]
[Round "3"]
[White "Refsgaard, Kaj"]
[Black "Ryberg, Denis"]
[Result "1-0"]
[WhiteElo "1728"]
[BlackElo "1195"]
[PlyCount "114"]
[EventDate "2006.??.??"]

1. d4 d5 2. c4 c6 3. Nf3 Nf6 4. Nc3 dxc4 5. e3 b5 6. Ne5 e6 7. Qf3 Bb7 8. Nxb5
Qa5+ 9. Nc3 Bb4 10. Bd2 Qa6 11. Bxc4 Qb6 12. O-O c5 13. Qg3 O-O 14. Na4 Qa5 15.
Bxb4 cxb4 16. Nc5 Qb6 17. Rac1 Rd8 18. Qh4 Nbd7 19. Nexd7 Nxd7 20. Nxb7 Qxb7
21. Be2 Qb6 22. Qe7 Nf6 23. Rc7 Rf8 24. Bf3 Rae8 25. Qc5 Qxc5 26. Rxc5 Rc8 27.
Rfc1 Rb8 28. b3 Nd7 29. Rc7 Rfd8 30. Rxa7 e5 31. dxe5 Nxe5 32. Be4 Rbc8 33.
Rxc8 Rxc8 34. h3 g5 35. Bd5 Rc1+ 36. Kh2 Rc2 37. Re7 Ng6 38. Rxf7 Kh8 39. Kg3
Rxa2 40. Rf5 Ne7 41. Rxg5 Ra5 42. e4 Nxd5 43. Rxd5 Ra3 44. Rd3 Kg7 45. Kf4 Ra2
46. Rf3 Rc2 47. g4 Rc3 48. Rxc3 bxc3 49. Ke3 c2 50. Kd2 c1=Q+ 51. Kxc1 Kf6 52.
f4 h6 53. b4 Ke6 54. f5+ Ke5 55. b5 Kd6 56. f6 Ke6 57. b6 Kd7 1-0

[Event "Taastrup Spil Naar Du Vil I 2006"]
[Site "Taastrup"]
[Date "2006.07.20"]
[Round "3"]
[White "Ringsborg, Allan"]
[Black "Zmylon, Frederik Nielsen"]
[Result "1-0"]
[WhiteElo "1611"]
[BlackElo "1016"]
[PlyCount "59"]
[EventDate "2006.??.??"]

1. b4 e5 2. Bb2 Nc6 3. b5 Nd4 4. e3 Nf5 5. Bxe5 d6 6. Bb2 Qe7 7. c4 Bd7 8. Nc3
g6 9. Nd5 Qd8 10. Bxh8 f6 11. Qb3 Be6 12. Nf4 Bf7 13. g3 Rb8 14. Bg2 c6 15.
bxc6 bxc6 16. Bxc6+ Ke7 17. Qa4 a5 18. Nd5+ Bxd5 19. Bxd5 Nfh6 20. Qc2 Kd7 21.
Nf3 f5 22. O-O g5 23. Rab1 Rxb1 24. Rxb1 g4 25. Nd4 Ke8 26. Qa4+ Ke7 27. Nc6+
Ke8 28. Nxd8+ Kxd8 29. Rb8+ Ke7 30. Qe8# 1-0

[Event "Taastrup Spil Naar Du Vil I 2006"]
[Site "Taastrup"]
[Date "2006.04.27"]
[Round "4"]
[White "Dyremose, Flemming"]
[Black "Ryberg, Denis"]
[Result "1-0"]
[WhiteElo "1395"]
[BlackElo "1195"]
[PlyCount "57"]
[EventDate "2006.??.??"]

1. d4 d5 2. c4 c6 3. Nc3 dxc4 4. e4 b5 5. a4 Qa5 6. Bd2 Qb6 7. Be3 a6 8. d5 Qb7
9. dxc6 Nxc6 10. axb5 axb5 11. Rxa8 Qxa8 12. Nxb5 Qa5+ 13. Nc3 Ne5 14. Qa4+
Qxa4 15. Nxa4 Nf6 16. Nc3 e6 17. Bd4 Nd3+ 18. Bxd3 cxd3 19. e5 Nd5 20. Nxd5
exd5 21. Kd2 Ba6 22. Nf3 Bb4+ 23. Bc3 Bxc3+ 24. bxc3 Ke7 25. Nd4 Kd7 26. Ra1
Bc4 27. Ra7+ Kc8 28. Ra8+ Kb7 29. Rxh8 1-0

[Event "Taastrup Spil Naar Du Vil I 2006"]
[Site "Taastrup"]
[Date "2006.04.27"]
[Round "4"]
[White "Hestehauge, Klaus"]
[Black "Madsen, Simon Rise"]
[Result "1-0"]
[WhiteElo "1976"]
[BlackElo "1366"]
[PlyCount "67"]
[EventDate "2006.??.??"]

1. d4 d5 2. Nf3 e6 3. Bf4 Bd6 4. Bg3 b6 5. e3 Nf6 6. Nbd2 Bb7 7. Be2 Na6 8. Ne5
Qe7 9. O-O O-O 10. c3 c5 11. f4 Ne4 12. Nxe4 dxe4 13. Qe1 f6 14. Nc4 Nc7 15.
Nxd6 Qxd6 16. f5 Qe7 17. fxe6 Nxe6 18. Bc4 Kh8 19. Rd1 cxd4 20. cxd4 Rac8 21.
Rc1 f5 22. a3 f4 23. Bxe6 Rxc1 24. Qxc1 fxg3 25. Rxf8+ Qxf8 26. hxg3 h6 27. Qc7
Qf6 28. Qb8+ Kh7 29. Bg8+ Kg6 30. Qxb7 Qf5 31. Qc6+ Kg5 32. Qd5 Qxd5 33. Bxd5
Kf5 34. g4+ 1-0

[Event "Taastrup Spil Naar Du Vil I 2006"]
[Site "Taastrup"]
[Date "2006.04.27"]
[Round "4"]
[White "Kristensen, Brian"]
[Black "Meldal, Peter"]
[Result "1-0"]
[WhiteElo "2089"]
[BlackElo "1139"]
[PlyCount "67"]
[EventDate "2006.??.??"]

1. e4 c5 2. Nf3 e6 3. Nc3 Nc6 4. d4 cxd4 5. Nxd4 d6 6. Bc4 Nf6 7. Bb3 Bd7 8.
Ndb5 Qb8 9. Bf4 e5 10. Bg5 a6 11. Na3 Be7 12. Bxf6 Bxf6 13. Nc4 Nd4 14. Nb6
Nxb3 15. axb3 Ra7 16. Nxd7 Kxd7 17. Nd5 Qd8 18. Qe2 h5 19. Qe3 Qb8 20. O-O Rh6
21. Rfd1 b5 22. c4 bxc4 23. bxc4 Bd8 24. b4 a5 25. c5 Bc7 26. b5 Ra8 27. c6+
Ke8 28. b6 Bxb6 29. Qxb6 Qxb6 30. Nxb6 Ra6 31. c7 Rxb6 32. c8=Q+ Ke7 33. Qc7+
Kf8 34. Qd8# 1-0

[Event "Taastrup Spil Naar Du Vil I 2006"]
[Site "Taastrup"]
[Date "2006.04.27"]
[Round "4"]
[White "Larsen, Henrik Falk"]
[Black "Ringsborg, Allan"]
[Result "1/2-1/2"]
[WhiteElo "1656"]
[BlackElo "1611"]
[PlyCount "40"]
[EventDate "2006.??.??"]

1. d4 f5 2. c4 Nf6 3. Nc3 e6 4. e3 c6 5. Bd2 Na6 6. Nf3 d6 7. Be2 Be7 8. O-O
O-O 9. a3 Nc7 10. Qc2 a6 11. b4 b5 12. c5 Nd7 13. Rfd1 d5 14. a4 Bb7 15. axb5
axb5 16. Qb2 Rxa1 17. Rxa1 Na6 18. Na2 Bf6 19. Bc3 Qc7 20. Nc1 Ra8 1/2-1/2

[Event "Taastrup Spil Naar Du Vil I 2006"]
[Site "Taastrup"]
[Date "2006.04.27"]
[Round "4"]
[White "Nielsen, Jan Mose"]
[Black "Kaaber Hansen, Jacob"]
[Result "1/2-1/2"]
[WhiteElo "1995"]
[BlackElo "2124"]
[PlyCount "101"]
[EventDate "2006.??.??"]

1. e4 c5 2. Nf3 d6 3. d4 cxd4 4. Nxd4 Nf6 5. Nc3 a6 6. Bg5 e6 7. f4 Nbd7 8. Qf3
Qc7 9. Bd3 b5 10. a3 Bb7 11. Bxf6 Nxf6 12. g4 Be7 13. f5 Qb6 14. Nb3 h5 15.
gxh5 Rxh5 16. fxe6 fxe6 17. O-O-O O-O-O 18. Qg3 Bf8 19. Rhe1 Nd7 20. Qg6 Rh6
21. Qg3 Ne5 22. Rf1 Rg6 23. Qh3 Be7 24. Nd5 Bxd5 25. exd5 Rh6 26. Qg3 Bf6 27.
dxe6 Re8 28. e7 Rxe7 29. Nd4 Nxd3+ 30. Rxd3 Bxd4 31. Qg4+ Kc7 32. Rxd4 Rxh2 33.
Rfd1 Qc6 34. Qg6 Rh6 35. Qg5 Rhe6 36. c3 Re5 37. Qg6 d5 38. Qg3 Qh6+ 39. Kb1
Kc6 40. Rg4 g5 41. Rg1 Re3 42. Qb8 Re1+ 43. Ka2 Rxg1 44. Qc8+ Kb6 45. Qd8+ Kc6
46. Qc8+ Kb6 47. Qd8+ Rc7 48. Rxg1 Qc6 49. Rxg5 Qc4+ 50. Kb1 Qf1+ 51. Ka2
1/2-1/2

[Event "Taastrup Spil Naar Du Vil I 2006"]
[Site "Taastrup"]
[Date "2006.04.27"]
[Round "4"]
[White "Olsen, Joe Flyckt"]
[Black "Jensen, Henrik"]
[Result "1-0"]
[WhiteElo "1698"]
[BlackElo "1260"]
[PlyCount "63"]
[EventDate "2006.??.??"]

1. Nf3 Nc6 2. d4 d5 3. c4 e6 4. Nc3 Nf6 5. Bg5 h6 6. Bh4 g5 7. Bg3 Bb4 8. Qc2
Bd7 9. e3 Ne4 10. Bd3 Nxg3 11. hxg3 h5 12. a3 Bxc3+ 13. Qxc3 g4 14. Nd2 h4 15.
e4 Qg5 16. cxd5 exd5 17. exd5 Qxd5 18. Be4 Qe6 19. d5 Qe5 20. dxc6 Qxc3 21.
cxd7+ Kxd7 22. bxc3 h3 23. gxh3 gxh3 24. Rxh3 Rhg8 25. Bxb7 Rab8 26. Bd5 Rge8+
27. Kd1 Re7 28. Kc2 Kd6 29. c4 c6 30. Rh6+ Ke5 31. Re1+ Kd4 32. Nf3+ 1-0

[Event "Taastrup Spil Naar Du Vil I 2006"]
[Site "Taastrup"]
[Date "2006.04.27"]
[Round "4"]
[White "Pedersen, Ole"]
[Black "Jensen, Tom B"]
[Result "0-1"]
[WhiteElo "1406"]
[BlackElo "1065"]
[PlyCount "64"]
[EventDate "2006.??.??"]

1. c4 e5 2. e3 d6 3. g3 Nf6 4. Bg2 Nc6 5. Nc3 Be6 6. b4 a6 7. Nge2 Rb8 8. O-O
g6 9. Bb2 Qd7 10. d4 exd4 11. exd4 Bh3 12. d5 Ne5 13. Nf4 Bxg2 14. Kxg2 Bg7 15.
Re1 O-O 16. Rb1 c6 17. Ne4 Rbe8 18. Nxf6+ Bxf6 19. Nd3 Bg7 20. Nxe5 dxe5 21. d6
c5 22. Qd5 Re6 23. Re4 Rfe8 24. Qxc5 Rxd6 25. Bxe5 Rc6 26. Qe3 Rce6 27. f3 f6
28. Bb2 f5 29. Rxe6 Rxe6 30. Qc1 Re2+ 31. Kg1 Bxb2 32. Rxb2 Qd4+ 0-1

[Event "Taastrup Spil Naar Du Vil I 2006"]
[Site "Taastrup"]
[Date "2006.04.27"]
[Round "4"]
[White "Rasmussen, Emil Wulff"]
[Black "Zmylon, Frederik Nielsen"]
[Result "1/2-1/2"]
[WhiteElo "1147"]
[BlackElo "1016"]
[PlyCount "38"]
[EventDate "2006.??.??"]

1. e4 c5 2. Nf3 Nc6 3. d4 cxd4 4. Nxd4 e5 5. Nb5 d6 6. N1c3 a6 7. Na3 b5 8. Nd5
Nge7 9. Nxe7 Bxe7 10. c3 O-O 11. g3 Bb7 12. Bg2 b4 13. Nc2 bxc3 14. bxc3 a5 15.
O-O Ba6 16. Re1 h6 17. Qd5 Qc7 18. Qd2 Bg5 19. Ne3 f5 1/2-1/2

[Event "Taastrup Spil Naar Du Vil I 2006"]
[Site "Taastrup"]
[Date "2006.04.27"]
[Round "4"]
[White "Rosenkilde, Alexander"]
[Black "Andersen, Daniel"]
[Result "0-1"]
[WhiteElo "2024"]
[BlackElo "1841"]
[PlyCount "96"]
[EventDate "2006.??.??"]

1. d4 Nf6 2. c4 g6 3. Nc3 d5 4. cxd5 Nxd5 5. e4 Nxc3 6. bxc3 Bg7 7. Nf3 O-O 8.
Rb1 c5 9. Be2 cxd4 10. cxd4 Qa5+ 11. Qd2 Qxd2+ 12. Bxd2 b6 13. O-O e6 14. d5
exd5 15. exd5 Rd8 16. Bc4 Ba6 17. Rfc1 Bxc4 18. Rxc4 Na6 19. Rbc1 Rxd5 20. Rc8+
Rd8 21. Rxa8 Rxa8 22. Kf1 Nc5 23. Be3 Ne6 24. Ke2 Rd8 25. Ng5 Nxg5 26. Bxg5 f6
27. Bf4 Rd7 28. Rc7 Rxc7 29. Bxc7 Kf7 30. Kd3 Ke6 31. Bb8 a6 32. Ba7 b5 33. Kd4
Kd6 34. Kc3 a5 35. Bb6 f5+ 36. Kb3 a4+ 37. Kb4 Kc6 38. Be3 Bf8+ 39. Ka5 Bc5 40.
Bd2 Bxf2 41. h3 Bc5 42. Bf4 Be7 43. Be3 g5 44. Bd2 f4 45. Be1 h5 46. Bd2 Bc5
47. h4 Be3 48. Be1 g4 0-1

[Event "Taastrup Spil Naar Du Vil I 2006"]
[Site "Taastrup"]
[Date "2006.04.27"]
[Round "4"]
[White "Strom, Ebbe"]
[Black "Nielsen, Michael"]
[Result "0-1"]
[WhiteElo "1750"]
[BlackElo "2054"]
[PlyCount "38"]
[EventDate "2006.??.??"]

1. b4 f5 2. Bb2 e6 3. e3 Nf6 4. a3 d5 5. c4 Bd6 6. Nf3 b6 7. Be2 O-O 8. O-O
Nbd7 9. d4 Bb7 10. Nbd2 Ne4 11. Ne5 c6 12. cxd5 exd5 13. f4 Qe7 14. Bd3 Rf6 15.
g4 Bxe5 16. dxe5 Rg6 17. g5 Nxg5 18. fxg5 Qxg5+ 19. Kf2 Qh4+ 0-1

[Event "Taastrup Spil Naar Du Vil I 2006"]
[Site "Taastrup"]
[Date "2006.04.27"]
[Round "4"]
[White "Yde, Jesper"]
[Black "Dyremose, Morten Sigvart"]
[Result "1-0"]
[WhiteElo "1607"]
[BlackElo "1073"]
[PlyCount "53"]
[EventDate "2006.??.??"]

1. g4 d5 2. h3 e5 3. Bg2 Nc6 4. d3 Bc5 5. c3 Be6 6. Qa4 Qh4 7. e3 Nge7 8. b4
Bb6 9. Nf3 Qf6 10. b5 Na5 11. Ba3 h6 12. Bxe7 Qxe7 13. Nxe5 Qh4 14. Qf4 O-O-O
15. Nf3 Qe7 16. Qb4 Rhe8 17. Qxe7 Rxe7 18. Nd4 Bxd4 19. cxd4 g5 20. Nc3 Red7
21. Kd2 c6 22. Rab1 Kc7 23. Rhc1 Rd6 24. bxc6 bxc6 25. Nb5+ Kc8 26. Nxa7+ Kd7
27. Rc5 1-0

[Event "Taastrup Spil Naar Du Vil I 2006"]
[Site "Taastrup"]
[Date "2006.05.04"]
[Round "5"]
[White "Hansen, Anders Bork"]
[Black "Rasmussen, Emil Wulff"]
[Result "1-0"]
[WhiteElo "1855"]
[BlackElo "1147"]
[PlyCount "63"]
[EventDate "2006.??.??"]

1. Nf3 e5 2. Nxe5 Qe7 3. d4 d6 4. Nf3 g6 5. e3 Bg4 6. Be2 Bg7 7. c3 Nd7 8. Nbd2
Ngf6 9. Qb3 O-O-O 10. O-O h5 11. Nc4 g5 12. Na5 Nb6 13. a4 c6 14. Nxc6 bxc6 15.
a5 Nbd5 16. Ba6+ Kd7 17. Bb7 Bxf3 18. gxf3 c5 19. Bxd5 Rb8 20. Qc4 g4 21. dxc5
dxc5 22. f4 Qd6 23. Rd1 Ke7 24. Bf3 Qc7 25. Bg2 h4 26. e4 Rhd8 27. Be3 h3 28.
Qxc5+ Qxc5 29. Bxc5+ Ke8 30. Bh1 Rxb2 31. e5 Nh5 32. Bc6+ 1-0

[Event "Taastrup Spil Naar Du Vil I 2006"]
[Site "Taastrup"]
[Date "2006.05.04"]
[Round "5"]
[White "Hestehauge, Klaus"]
[Black "Nielsen, Jan Mose"]
[Result "1-0"]
[WhiteElo "1976"]
[BlackElo "1995"]
[PlyCount "55"]
[EventDate "2006.??.??"]

1. d4 Nf6 2. Nf3 e6 3. c4 c5 4. e3 a6 5. Nc3 Qc7 6. Be2 b6 7. O-O Bb7 8. b3 d6
9. Bb2 Nbd7 10. Rc1 Be7 11. Nd2 Rd8 12. Bf3 Bxf3 13. Qxf3 g5 14. Nce4 Rg8 15.
dxc5 Nxe4 16. Nxe4 dxc5 17. Rcd1 g4 18. Qe2 f5 19. Ng3 Rg5 20. Rd2 h5 21. Rfd1
h4 22. Nf1 h3 23. Ng3 Qc6 24. gxh3 gxh3 25. Qf1 Qf3 26. Qxh3 Nf8 27. Rxd8+ Bxd8
28. Rxd8+ 1-0

[Event "Taastrup Spil Naar Du Vil I 2006"]
[Site "Taastrup"]
[Date "2006.05.04"]
[Round "5"]
[White "Jensen, Henrik"]
[Black "Yde, Jesper"]
[Result "0-1"]
[WhiteElo "1260"]
[BlackElo "1607"]
[PlyCount "78"]
[EventDate "2006.??.??"]

1. e4 g5 2. Bc4 Bg7 3. d3 h6 4. Nc3 d6 5. Be3 Nf6 6. Nf3 Bg4 7. h3 Bh5 8. Qd2
Nbd7 9. g4 Bg6 10. h4 Nxg4 11. hxg5 h5 12. O-O-O c5 13. Nh2 Nxe3 14. Qxe3 Bxc3
15. bxc3 Qa5 16. Kd2 b5 17. Bb3 Nb6 18. Qe2 Rc8 19. f4 c4 20. f5 cxb3 21. fxg6
Qxc3+ 22. Ke3 bxc2 23. gxf7+ Kxf7 24. g6+ Kg7 25. Rc1 Nc4+ 26. Kf2 Rcf8+ 27.
Kg2 Na3 28. Nf3 Qf6 29. Rhg1 h4 30. e5 h3+ 31. Kg3 Qf4+ 32. Kf2 dxe5 33. d4 e4
34. Rg3 Nc4 35. Rxc2 e3+ 36. Kf1 Qxg3 37. Rxc4 Rxf3+ 38. Qxf3 Qxf3+ 39. Ke1
Qf2+ 0-1

[Event "Taastrup Spil Naar Du Vil I 2006"]
[Site "Taastrup"]
[Date "2006.05.04"]
[Round "5"]
[White "Jensen, Tom B"]
[Black "Strom, Ebbe"]
[Result "0-1"]
[WhiteElo "1065"]
[BlackElo "1750"]
[PlyCount "56"]
[EventDate "2006.??.??"]

1. d4 Nf6 2. Bf4 g6 3. Nf3 Bg7 4. e3 O-O 5. Nc3 b6 6. Bd3 Bb7 7. Qd2 d6 8.
O-O-O c5 9. Rhg1 Nc6 10. Be2 Qc8 11. h3 Rd8 12. g4 cxd4 13. exd4 e5 14. Bg5 e4
15. d5 exf3 16. Bxf3 Ne5 17. Qf4 Nxf3 18. Qxf3 Ne8 19. Bxd8 Qxd8 20. Kb1 Rc8
21. Rd3 Qf6 22. Qxf6 Nxf6 23. g5 Nh5 24. Re1 Be5 25. a4 Nf4 26. Rf3 Nxd5 27.
Nb5 Nb4 28. Rd3 Nxd3 0-1

[Event "Taastrup Spil Naar Du Vil I 2006"]
[Site "Taastrup"]
[Date "2006.05.04"]
[Round "5"]
[White "Meldal, Peter"]
[Black "Ringsborg, Allan"]
[Result "0-1"]
[WhiteElo "1139"]
[BlackElo "1611"]
[PlyCount "120"]
[EventDate "2006.??.??"]

1. e4 e5 2. Nf3 Nf6 3. d3 Nc6 4. Bg5 h6 5. Bh4 Be7 6. Be2 d5 7. exd5 Nxd5 8.
Bxe7 Qxe7 9. O-O O-O 10. h3 Nd4 11. c4 Nf4 12. Nxd4 exd4 13. Bf3 Qg5 14. Kh1
Bf5 15. Nd2 Qh4 16. Be4 Qg5 17. Qf3 Bg6 18. Bxg6 fxg6 19. Ne4 Qh4 20. Kh2 Nh5
21. Qd1 Qf4+ 22. g3 Qf3 23. Qxf3 Rxf3 24. Rad1 Nf6 25. Kg2 Rf5 26. f3 Nd7 27.
g4 Rf4 28. Rf2 Raf8 29. Rdf1 b6 30. b4 Ne5 31. c5 Nxd3 32. Rd2 Nxb4 33. cxb6
axb6 34. Rxd4 Nc2 35. Rd3 c5 36. a3 Nd4 37. Nd2 Nc2 38. Rb3 R4f6 39. Nc4 Rb8
40. a4 Nd4 41. Rb2 Re6 42. Rff2 b5 43. axb5 Rxb5 44. Rxb5 Nxb5 45. Kg3 Nd6 46.
Nxd6 Rxd6 47. Rc2 Rc6 48. Rc4 Kf7 49. Kf4 Ke6 50. Ke4 Kd6 51. f4 Rb6 52. f5 Rb4
53. Kd3 Rxc4 54. Kxc4 gxf5 55. gxf5 Ke5 56. Kxc5 Kxf5 57. Kd5 g5 58. Kd6 h5 59.
Ke7 g4 60. hxg4+ hxg4 0-1

[Event "Taastrup Spil Naar Du Vil I 2006"]
[Site "Taastrup"]
[Date "2006.05.04"]
[Round "5"]
[White "Ryberg, Denis"]
[Black "Nielsen, Steen"]
[Result "0-1"]
[WhiteElo "1195"]
[BlackElo "1575"]
[PlyCount "118"]
[EventDate "2006.??.??"]

1. e4 e5 2. Nf3 Nf6 3. Nxe5 d6 4. Nc4 Nxe4 5. Qe2 Qe7 6. d3 Nf6 7. Nc3 Be6 8.
Bg5 h6 9. Bxf6 Qxf6 10. Nd5 Qd8 11. g3 Nc6 12. c3 Be7 13. Nf4 Bd7 14. Bh3 O-O
15. O-O Re8 16. Bxd7 Qxd7 17. h3 Bg5 18. Qg4 Qxg4 19. hxg4 Bxf4 20. gxf4 Re2
21. Rfe1 Rae8 22. Rxe2 Rxe2 23. Kf1 Rc2 24. Ke1 b5 25. Nd2 Rxb2 26. Kd1 b4 27.
c4 Nd4 28. Rb1 Rxb1+ 29. Nxb1 f5 30. g5 hxg5 31. fxg5 Kf7 32. f4 Ne6 33. a3
Nxf4 34. Kd2 bxa3 35. Nxa3 Ne6 36. Nb5 a5 37. Kc3 Kg6 38. Kb3 f4 39. Nc3 Nxg5
40. Ne2 f3 41. Ng3 f2 42. Ka4 Kf6 43. Kxa5 Ke5 44. Kb5 Kd4 45. Kc6 Kxd3 46.
Kxc7 Ne4 47. Nf1 Ke2 48. Nh2 f1=Q 49. Nxf1 Kxf1 50. Kc6 g5 51. Kd5 Nd2 52. Kxd6
Nxc4+ 53. Ke6 g4 54. Kf5 g3 55. Kg4 g2 56. Kh3 g1=Q 57. Kh4 Ne5 58. Kh3 Qg2+
59. Kh4 Qg4# 0-1

[Event "Taastrup Spil Naar Du Vil I 2006"]
[Site "Taastrup"]
[Date "2006.05.04"]
[Round "5"]
[White "Zmylon, Frederik Nielsen"]
[Black "Pedersen, Ole"]
[Result "0-1"]
[WhiteElo "1016"]
[BlackElo "1406"]
[PlyCount "24"]
[EventDate "2006.??.??"]

1. e4 c5 2. Nf3 Nc6 3. d4 cxd4 4. Nxd4 g6 5. b3 Bg7 6. Bb2 Qb6 7. g3 Nxd4 8.
Na3 Ne6 9. Bxg7 Nxg7 10. Bh3 Qa5+ 11. Kf1 Qxa3 12. Kg2 Qb4 0-1

[Event "Taastrup Spil Naar Du Vil I 2006"]
[Site "Taastrup"]
[Date "2006.05.11"]
[Round "6"]
[White "Hansen, Anders Bork"]
[Black "Dyremose, Morten Sigvart"]
[Result "1-0"]
[WhiteElo "1855"]
[BlackElo "1073"]
[PlyCount "65"]
[EventDate "2006.??.??"]

1. Nf3 d5 2. c4 dxc4 3. Na3 Nc6 4. Nxc4 Nf6 5. g3 Bf5 6. Bg2 Rb8 7. O-O e6 8.
d3 Be7 9. a3 O-O 10. b4 a6 11. Bb2 b5 12. Ne3 Bg6 13. Rc1 Qd7 14. Qc2 Rb6 15.
Nh4 Nd5 16. Nxg6 hxg6 17. Nxd5 exd5 18. Qb3 Rd8 19. Rc2 Bf6 20. Bxf6 gxf6 21.
Rc5 Ne7 22. Rfc1 c6 23. e4 dxe4 24. dxe4 Qd3 25. Qb2 Qd2 26. Qxf6 Re8 27. Bf3
Qd7 28. Rd1 Qc7 29. Bg4 Rd8 30. Rxd8+ Qxd8 31. Re5 Rb7 32. h4 Qc7 33. h5 1-0

[Event "Taastrup Spil Naar Du Vil I 2006"]
[Site "Taastrup"]
[Date "2006.05.??"]
[Round "6"]
[White "Kristensen, Brian"]
[Black "Strom, Ebbe"]
[Result "1-0"]
[WhiteElo "2089"]
[BlackElo "1750"]
[PlyCount "83"]
[EventDate "2006.??.??"]

1. e4 d6 2. d4 g6 3. Nc3 Bg7 4. f4 Nd7 5. Nf3 c5 6. d5 Ngf6 7. Bd3 O-O 8. O-O
a6 9. a4 Qc7 10. Qe2 e5 11. f5 b6 12. Nh4 Qd8 13. Qe1 Nh5 14. g3 Bf6 15. Ng2 g5
16. Qe2 Ng7 17. h4 gxh4 18. gxh4 Bxh4 19. Qg4 Bf6 20. Bh6 Kh8 21. Kf2 Rg8 22.
Rh1 Nf8 23. Qh3 Bg5 24. Rh2 Qf6 25. Bxg5 Qxg5 26. Rah1 h5 27. Be2 f6 28. Ne3
Nh7 29. Nc4 Ra7 30. Nxd6 Rd8 31. Nc4 b5 32. axb5 axb5 33. Nxb5 Ra4 34. Ncd6 Kg8
35. Qe3 Bd7 36. Rg2 Qf4+ 37. Qxf4 exf4 38. Nc3 Rb4 39. Bxh5 Rxb2 40. Bf7+ Kh8
41. Rgh2 Rxc2+ 42. Ne2 1-0

[Event "Taastrup Spil Naar Du Vil I 2006"]
[Site "Taastrup"]
[Date "2006.05.11"]
[Round "6"]
[White "Meldal, Peter"]
[Black "Dyremose, Flemming"]
[Result "0-1"]
[WhiteElo "1139"]
[BlackElo "1395"]
[PlyCount "58"]
[EventDate "2006.??.??"]

1. d4 c5 2. Nf3 d6 3. e4 cxd4 4. Nxd4 Nf6 5. Nc3 a6 6. Bg5 e6 7. Bd3 Be7 8. Qd2
Qb6 9. Nb3 Nbd7 10. O-O-O Qc7 11. f4 b5 12. a4 b4 13. Na2 a5 14. Bb5 Nxe4 15.
Qe3 Nxg5 16. fxg5 Bb7 17. Rhg1 O-O 18. h4 Ne5 19. h5 Rfc8 20. Qe2 Bxg5+ 21. Kb1
h6 22. Nac1 Bf6 23. Nd3 Nxd3 24. Qxd3 Ba6 25. Bxa6 Rxa6 26. Rd2 Rc6 27. Rc1 Bg5
28. Nd4 Bxd2 29. Nxc6 Bxc1 0-1

[Event "Taastrup Spil Naar Du Vil I 2006"]
[Site "Taastrup"]
[Date "2006.05.11"]
[Round "6"]
[White "Refsgaard, Kaj"]
[Black "Hestehauge, Klaus"]
[Result "0-1"]
[WhiteElo "1728"]
[BlackElo "1976"]
[PlyCount "57"]
[EventDate "2006.??.??"]

1. Nf3 Nf6 2. g3 d5 3. Bg2 e6 4. O-O Be7 5. d3 O-O 6. Nbd2 c5 7. Re1 Nc6 8. b3
b6 9. c4 Bb7 10. Bb2 Qc7 11. cxd5 exd5 12. Rc1 Rad8 13. e3 Nb4 14. Qe2 Ba6 15.
Ne5 Nxa2 16. Ra1 Nb4 17. Bc3 Bb5 18. f4 Nc2 19. Ng4 Nxe1 20. Rxe1 Nxg4 21. Qxg4
g6 22. Qh3 d4 23. exd4 cxd4 24. Bb2 Qc2 25. Bc1 Bxd3 26. g4 Bb4 27. Nf3 Bxe1
28. Ng5 Bf2+ 29. Kh1 0-1

[Event "Taastrup Spil Naar Du Vil I 2006"]
[Site "Taastrup"]
[Date "2006.05.11"]
[Round "6"]
[White "Ringsborg, Allan"]
[Black "Nielsen, Steen"]
[Result "1/2-1/2"]
[WhiteElo "1611"]
[BlackElo "1575"]
[PlyCount "35"]
[EventDate "2006.??.??"]

1. Nf3 Nf6 2. c4 c6 3. Nc3 d5 4. cxd5 cxd5 5. d4 e6 6. Bf4 Bb4 7. Qa4+ Nc6 8.
a3 Bxc3+ 9. bxc3 Ne4 10. Qc2 O-O 11. Nd2 Nxd2 12. Bxd2 Bd7 13. e3 Rc8 14. Bd3
h6 15. O-O Na5 16. Rab1 Rc7 17. Qd1 Qc8 18. e4 1/2-1/2

[Event "Taastrup Spil Naar Du Vil I 2006"]
[Site "Taastrup"]
[Date "2006.05.11"]
[Round "6"]
[White "Ryberg, Denis"]
[Black "Yde, Jesper"]
[Result "0-1"]
[WhiteElo "1195"]
[BlackElo "1607"]
[PlyCount "112"]
[EventDate "2006.??.??"]

1. e4 g5 2. Qh5 h6 3. Bc4 e6 4. e5 Bg7 5. d4 c5 6. Be3 cxd4 7. Bxd4 Nc6 8. Nf3
Nxd4 9. Nxd4 Bxe5 10. c3 Bxd4 11. cxd4 Qc7 12. Nd2 d5 13. Bd3 Nf6 14. Qf3 Qf4
15. Qxf4 gxf4 16. Rc1 Bd7 17. Nf3 Rc8 18. Rxc8+ Bxc8 19. Ne5 Nd7 20. Bb5 a6 21.
Bxd7+ Bxd7 22. Ke2 Rg8 23. Kf3 f6 24. Ng4 Rg6 25. Kxf4 e5+ 26. dxe5 Rxg4+ 27.
Kf3 fxe5 28. g3 h5 29. h3 Rb4 30. b3 Bc6 31. Re1 d4+ 32. Ke2 Kd7 33. g4 hxg4
34. hxg4 e4 35. g5 Rb5 36. Rg1 Rf5 37. g6 Bd5 38. g7 Bg8 39. Rg4 d3+ 40. Ke1
d2+ 41. Kxd2 Rxf2+ 42. Ke3 Rf7 43. Rxe4 Rxg7 44. Rd4+ Kc7 45. Re4 Rg2 46. Re7+
Kb6 47. Re8 Bd5 48. Re5 Kc6 49. Kd4 Rd2+ 50. Kc3 Rxa2 51. Rg5 Rg2 52. Rf5 Rg3+
53. Kd4 Bxb3 54. Rf6+ Kc7 55. Kc5 Rg5+ 56. Kb4 Bg8 0-1

[Event "Taastrup Spil Naar Du Vil I 2006"]
[Site "Taastrup"]
[Date "2006.05.11"]
[Round "6"]
[White "Zmylon, Frederik Nielsen"]
[Black "Pedersen, Ole"]
[Result "0-1"]
[WhiteElo "1016"]
[BlackElo "1406"]
[PlyCount "52"]
[EventDate "2006.??.??"]

1. e4 c5 2. Nc3 Nc6 3. Bc4 e6 4. Qf3 Ne5 5. Qe2 g6 6. Nf3 Nxc4 7. Qxc4 b6 8.
Nb5 d6 9. Qa4 Bd7 10. e5 a6 11. Nxd6+ Bxd6 12. Qe4 Be7 13. d4 cxd4 14. Bg5 Bxg5
15. Nxg5 f6 16. exf6 Nxf6 17. Qxd4 O-O 18. O-O-O Qc7 19. Rhe1 Rac8 20. c3 b5
21. a3 a5 22. b4 axb4 23. axb4 Qxc3+ 24. Qxc3 Rxc3+ 25. Kb2 Rfc8 26. Rd2 R3c4
0-1

[Event "Taastrup Spil Naar Du Vil I 2006"]
[Site "Taastrup"]
[Date "2006.05.18"]
[Round "7"]
[White "Andersen, Daniel"]
[Black "Hestehauge, Klaus"]
[Result "1-0"]
[WhiteElo "1841"]
[BlackElo "1976"]
[PlyCount "77"]
[EventDate "2006.??.??"]

1. c4 Nf6 2. Nc3 e6 3. e4 d5 4. e5 d4 5. exf6 dxc3 6. bxc3 Qxf6 7. d4 c5 8. Nf3
h6 9. Bd3 Be7 10. O-O O-O 11. Bc2 Nc6 12. Qd3 Qf5 13. Qe2 Qf6 14. Be3 cxd4 15.
cxd4 Bd7 16. Rfe1 Rfd8 17. d5 Ne5 18. Nxe5 Qxe5 19. Qd3 Bd6 20. f4 Qf5 21. Qxf5
exf5 22. Bb3 b6 23. Rac1 Rac8 24. Kf2 Re8 25. g3 Kf8 26. a4 Bb4 27. Re2 Bc5 28.
a5 bxa5 29. Bxc5+ Rxc5 30. Rxe8+ Kxe8 31. Ke3 Ke7 32. Kd4 Kd6 33. Ra1 g6 34.
Ba4 Bxa4 35. Rxa4 f6 36. Ra3 a4 37. Rxa4 Rc7 38. Ra6+ Kd7 39. Rxf6 1-0

[Event "Taastrup Spil Naar Du Vil I 2006"]
[Site "Taastrup"]
[Date "2006.05.18"]
[Round "7"]
[White "Dyremose, Flemming"]
[Black "Nielsen, Jan Mose"]
[Result "1/2-1/2"]
[WhiteElo "1395"]
[BlackElo "1995"]
[PlyCount "32"]
[EventDate "2006.??.??"]

1. d4 Nf6 2. c4 c5 3. d5 e6 4. Nc3 exd5 5. cxd5 d6 6. Nf3 g6 7. Bf4 Bg7 8. e4
Nbd7 9. Bxd6 Qb6 10. e5 Qxb2 11. Qc1 Qxc1+ 12. Rxc1 Ng4 13. Bb5 a6 14. Bxd7+
Bxd7 15. h3 Nh6 16. Bxc5 Bf5 1/2-1/2